| 000 | 00448nam a22001577a 4500 | ||
|---|---|---|---|
| 003 | MPLRDC | ||
| 005 | 20220104143338.0 | ||
| 008 | 210129b ||||| |||| 00| 0 eng d | ||
| 082 | _a520.9386 DJZ-2 | ||
| 100 | _a1219华教盛会工委会史料展组 | ||
| 245 |
_a华光永耀: 1219华教盛会华教史料展汇编 _c |
||
| 260 |
_a _b董总 _c1993 |
||
| 300 | _b平 | ||
| 650 | _a教育史及现状--马来西亚 | ||
| 942 |
_cBK _o520.9386 DJZ-2 |
||
| 999 |
_c39011 _d39001 |
||